<?xml version="1.0" encoding="UTF-8"?>
<record
    xmlns:xsi="http://www.w3.org/2001/XMLSchema-instance"
    xsi:schemaLocation="http://www.loc.gov/MARC21/slim http://www.loc.gov/standards/marcxml/schema/MARC21slim.xsd"
    xmlns="http://www.loc.gov/MARC21/slim">

  <leader>02418nam a2200385 u 4500</leader>
  <controlfield tag="001">823823</controlfield>
  <controlfield tag="005">20260506095732.0</controlfield>
  <controlfield tag="008">030529s2002                        spa  </controlfield>
  <datafield tag="020" ind1=" " ind2=" ">
    <subfield code="a">8446015404</subfield>
  </datafield>
  <datafield tag="035" ind1=" " ind2=" ">
    <subfield code="a">823823</subfield>
  </datafield>
  <datafield tag="035" ind1=" " ind2=" ">
    <subfield code="a">(OCoLC)433478270</subfield>
  </datafield>
  <datafield tag="040" ind1=" " ind2=" ">
    <subfield code="c">comduadb</subfield>
  </datafield>
  <datafield tag="041" ind1=" " ind2=" ">
    <subfield code="a">spa</subfield>
  </datafield>
  <datafield tag="082" ind1=" " ind2="4">
    <subfield code="a">292</subfield>
  </datafield>
  <datafield tag="100" ind1="1" ind2="0">
    <subfield code="a">Bermejo Barrera, Jos&#xE9; Carlos,</subfield>
    <subfield code="d">1952-</subfield>
    <subfield code="4">aut</subfield>
    <subfield code="0">(isni)0000 0001 1628 6056</subfield>
    <subfield code="0">(viaf)41993265</subfield>
    <subfield code="e">aut</subfield>
    <subfield code="9">359175</subfield>
  </datafield>
  <datafield tag="245" ind1="1" ind2="0">
    <subfield code="a">Lecturas del mito griego</subfield>
  </datafield>
  <datafield tag="260" ind1=" " ind2=" ">
    <subfield code="a">Barcelona :</subfield>
    <subfield code="b">AKAL,</subfield>
    <subfield code="c">2002.</subfield>
  </datafield>
  <datafield tag="300" ind1=" " ind2=" ">
    <subfield code="a">329 p&#xE1;ginas.</subfield>
  </datafield>
  <datafield tag="505" ind1=" " ind2=" ">
    <subfield code="a">CONTENIDO :  PRIMERA PARTE: CAP&#xCD;TULO I: La comparaci&#xF3;n en la historia de las religiones: consideraciones metodol&#xF3;gicas. -- CAP&#xCD;TULO II: De la arqueolog&#xED;a de la religi&#xF3;n a la arqueolog&#xED;a de las formas simb&#xF3;licas. -- CAP&#xCD;TULO III: El mito y la polis. -- CAP&#xCD;TULO IV: Mitolog&#xED;a cl&#xE1;sica y antropolog&#xED;a. -- CAP&#xCD;TULO V: Mito, literatura y sociedad en la Grecia Antigua. -- CAP&#xCD;TULO VI: Los mitos griegos y la Hispania antigua: consideraciones metodol&#xF3;gicas. -- CAP&#xCD;TULO VII: Mito y m&#xE9;todo hist&#xF3;rico: el ejemplo de &#xC1;rtemis. -- CAP&#xCD;TULO VIII: Del cosmos al caos en la mitolog&#xED;a griega: Tif&#xF3;n. -- CAP&#xCD;TULO IX: H&#xE9;cate y Asteria: aspectos de la concepci&#xF3;n del espacio en la "teogon&#xF3;a" hesi&#xF3;dica. -- SEGUNDA PARTE: CAP&#xCD;TULO X: El nombre y los nombres de las ninfas. -- CAP&#xCD;TULO XI: Femenino plural: Ninfas, mujeres, novias y esposas. -- CAP&#xCD;TULO XII: La presencia de las ninfas en la literatura griega arcaica. -- CAP&#xCD;TULO XIII: Una "biograf&#xED;a" de las Ninfas (I): origen y genealog&#xED;a de las diosas en las fuentes arcaicas. -- CAP&#xCD;TULO XIV: Una "biograf&#xED;a" de las Ninfas (II). -- CAP&#xCD;TULO XV: Las moradas de las Ninfas: el mundo natural. -- CAP&#xCD;TULO XVI: Las Ninfas, los dioses y el mito.</subfield>
  </datafield>
  <datafield tag="650" ind1=" " ind2="7">
    <subfield code="a">Religiones</subfield>
    <subfield code="x">Historia</subfield>
    <subfield code="2">lemb</subfield>
    <subfield code="9">16550</subfield>
  </datafield>
  <datafield tag="650" ind1=" " ind2=" ">
    <subfield code="a">Religi&#xF3;n y mitolog&#xED;a</subfield>
    <subfield code="9">52931</subfield>
  </datafield>
  <datafield tag="650" ind1=" " ind2="7">
    <subfield code="a">Mitolog&#xED;a cl&#xE1;sica</subfield>
    <subfield code="2">lemb</subfield>
    <subfield code="9">32536</subfield>
  </datafield>
  <datafield tag="650" ind1=" " ind2="7">
    <subfield code="a">Mitolog&#xED;a griega</subfield>
    <subfield code="2">lemb</subfield>
    <subfield code="9">30088</subfield>
  </datafield>
  <datafield tag="650" ind1=" " ind2="7">
    <subfield code="a">Literatura griega</subfield>
    <subfield code="2">embne</subfield>
    <subfield code="9">233257</subfield>
  </datafield>
  <datafield tag="650" ind1=" " ind2=" ">
    <subfield code="a">Cosmogon&#xED;a griega</subfield>
    <subfield code="9">66855</subfield>
  </datafield>
  <datafield tag="650" ind1=" " ind2=" ">
    <subfield code="a">Ninfas</subfield>
    <subfield code="9">79423</subfield>
  </datafield>
  <datafield tag="650" ind1=" " ind2=" ">
    <subfield code="a">Dioses griegos</subfield>
    <subfield code="9">73864</subfield>
  </datafield>
  <datafield tag="650" ind1=" " ind2=" ">
    <subfield code="a">Polis ateniense</subfield>
    <subfield code="9">68203</subfield>
  </datafield>
  <datafield tag="650" ind1=" " ind2=" ">
    <subfield code="a">Artemisa (Personaje mitologico)</subfield>
    <subfield code="9">64736</subfield>
  </datafield>
  <datafield tag="650" ind1=" " ind2=" ">
    <subfield code="a">Caos</subfield>
    <subfield code="9">112356</subfield>
  </datafield>
  <datafield tag="650" ind1=" " ind2=" ">
    <subfield code="a">Grecia - Religion y mitologia</subfield>
    <subfield code="9">175208</subfield>
  </datafield>
  <datafield tag="650" ind1=" " ind2="7">
    <subfield code="a">Mitolog&#xED;a</subfield>
    <subfield code="2">lemb</subfield>
    <subfield code="9">218336</subfield>
  </datafield>
  <datafield tag="700" ind1="1" ind2="0">
    <subfield code="a">Diez Platas, M. de Fatima</subfield>
    <subfield code="4">aut</subfield>
    <subfield code="e">aut</subfield>
    <subfield code="9">348090</subfield>
  </datafield>
  <datafield tag="942" ind1=" " ind2=" ">
    <subfield code="c">BOOK</subfield>
  </datafield>
  <datafield tag="999" ind1=" " ind2=" ">
    <subfield code="c">283837</subfield>
    <subfield code="d">283837</subfield>
  </datafield>
  <datafield tag="952" ind1=" " ind2=" ">
    <subfield code="0">0</subfield>
    <subfield code="1">0</subfield>
    <subfield code="4">0</subfield>
    <subfield code="7">0</subfield>
    <subfield code="8">GEN</subfield>
    <subfield code="a">BC</subfield>
    <subfield code="b">BC</subfield>
    <subfield code="d">2003-05-29</subfield>
    <subfield code="e">CIS (Corporacion Interuniversitaria de Servicios)</subfield>
    <subfield code="g">88000.00</subfield>
    <subfield code="i">C791425</subfield>
    <subfield code="l">0</subfield>
    <subfield code="o">292.13 B516L</subfield>
    <subfield code="p">61000002070536</subfield>
    <subfield code="r">2026-04-18 13:53:44</subfield>
    <subfield code="t">1</subfield>
    <subfield code="w">2023-04-25</subfield>
    <subfield code="y">BOOK</subfield>
  </datafield>
</record>
